Cargando...

Ancient Indian social history: some interpretations

Detalles Bibliográficos
Autor principal: Thapar, Romila
Formato: Printed Book
Publicado: New Delhi, Orient Longman Ltd 1978
Materias:
LEADER 005630000a22001930004500
022 |a 01-09-2004 
041 |a English 
082 |a 954 L8 
100 |a Thapar, Romila 
245 |a Ancient Indian social history: some interpretations 
260 |a New Delhi, Orient Longman Ltd 
260 |c 1978 
650 |a Archaeological culture 
650 |a History 
650 |a India 
650 |a Social mobility 
942 |c BK 
999 |c 147879  |d 147875 
952 |0 0  |1 0  |4 0  |6 954_000000000000000_L8  |7 0  |9 146643  |a SCC  |b SCC  |d 2017-10-11  |l 0  |o 954 L8  |p SCC03259  |r 2017-10-11  |w 2017-10-11  |y BK